Východiska výzkumu konkurenceschopnosti podniků v České republice

Zriadenie Centra výskumu konkurenčnej schopnosti českej ekonomiky v Česku v dôsledku Lisabonskej výzvy. Konkurencieschopnosť podnikov - predstavuje potenciál podnikov uspieť v hospodárskej súťaži, pričom o úspešnosti v tejto súťaži vypovedajú finančné výsledky podnikov. Vzhľadom na komplexnosť povah...

ver descrição completa

Na minha lista:
Detalhes bibliográficos
Autor principal: Blažek, Ladislav
Outros Autores: Šiška, Ladislav
Formato: Capítulo de Livro
Idioma:tcheco
Assuntos:
Tags: Adicionar Tag
Sem tags, seja o primeiro a adicionar uma tag!

MARC

LEADER 00000naa$a2200000$$$4500
001 0046631
005 20220504121659.2
041 0 |a cze 
044 |a SK 
245 1 0 |a Východiska výzkumu konkurenceschopnosti podniků v České republice  |c Ladislav Blažek, Ladislav Šiška 
520 |a Zriadenie Centra výskumu konkurenčnej schopnosti českej ekonomiky v Česku v dôsledku Lisabonskej výzvy. Konkurencieschopnosť podnikov - predstavuje potenciál podnikov uspieť v hospodárskej súťaži, pričom o úspešnosti v tejto súťaži vypovedajú finančné výsledky podnikov. Vzhľadom na komplexnosť povahy konkurencieschopnosti sa k jej skúmaniu musí pristupovať komplexne. O takýto prístup - opretý o stakeholderovský model podniku - sa snaží empirický výzkum, ktorého základné rysy sú načrtnuté v príspevku. 
610 2 0 |a podnik 
610 2 0 |a konkurencieschopnosť 
610 2 0 |a súťaž hospodárska 
610 2 0 |a výsledok hospodársky 
610 2 0 |a výkony podnikové 
610 2 0 |a Česko 
100 1 |a Blažek, Ladislav 
700 1 |a Šiška, Ladislav